000 01079cam a22002054a 4500
005 20250605164043.0
008 250528s ||||||||||||||||||||||||d
035 _a17041
020 _a60404736
040 _aGR-AtMCL
_bgre
_dGR-AtMCL
_eAACR2
245 1 _aPolitical Ideologies and the Democratic Ideal
260 _bHarper Collins Publishers,
_c1991
300 _a270
520 _aThis book provides a four-fold framework for comparing, contrasting, and analyzing the major ideologies that have shaped and reshaped the political landscape of our century. Preface, To the Reader, Ideology and Democracy, Ideology and Ideologies, The Democratic Ideal, The Development of Political Ideologies, Liberalism, Conservatism, Socialism and Communism: More to Marx, Socialism and Communism after Marx, Fascism, Political Ideologies Today and Tomorrow, Liberation Ideologies, Green Politics: Ecology as Ideology, The Future of Ideology, Glossary, Index.
700 1 _aBall Terence
_93170
700 1 _aDagger Richard
_93171
942 _cBK
999 _c2481
_d2481